Banderas con círculos - Estadísticas

Estadísticas generales
  • Esta prueba ha sido intentada 139 veces
  • La puntuación promedio es 23 de 30
Estadísticas de respuestas
Imagen Respuesta % Correcto
Argentina
100%
Brasil
98%
Ciudad del Vaticano
90%
Corea del Sur
90%
Corea del Norte
89%
Japón
89%
Bangladés
88%
India
88%
Belice
84%
Macedonia del Norte
81%
Etiopía
80%
Kazajistán
80%
Laos
78%
Portugal
78%
Burundi
76%
Kirguistán
76%
Mongolia
74%
Paraguay
74%
Cabo Verde
73%
Dominica
73%
Granada
72%
Níger
69%
Palaos
67%
Túnez
65%
Uruguay
62%
Namibia
61%
Taiwán
61%
Uganda
57%
Ruanda
53%
Vanuatu
47%
No se encontraron pruebas coincidentes
Distribución de puntuación
Porcentaje de gente con cada puntuación
Porcentaje por número respondido
Historial de tus puntuaciones
No has intentado esta prueba.